U.S. 119th House of Representative Committees - Statistics

General Stats
  • This quiz has been taken 15 times
  • The average score is 18 of 26
Answer Stats
Hint Answer % Correct
Standing Agriculture
90%
Standing Appropriations
90%
Standing Budget
90%
Standing Judiciary
90%
Standing Financial Services
80%
Standing Homeland Security
80%
Permanent Select Intelligence
80%
Standing Veterans' Affairs
80%
Standing Ways and Means
80%
Standing Armed Services
70%
Standing Energy and Commerce
70%
Standing Foreign Affairs
70%
Standing House Administration
70%
Standing Natural Resources
70%
Standing Oversight and Government Reform
70%
Standing Rules
70%
Standing Science, Space, and Technology
70%
Standing Small Business
70%
Standing Transportation and Infrastructure
70%
Standing Education and Workforce
60%
Standing Ethics
60%
Joint Printing
60%
Joint Taxation
60%
Joint Library
50%
Joint Economic Committee
40%
Select Strategic Competition Between the United States and the Chinese Communist Party
40%
No matching quizzes found
Score Distribution
Percent of People with Each Score
Percentile by Number Answered
Your Score History
You have not taken this quiz